000 00307nam a22001337a 4500
008 260225b ||||| |||| 00| 0 eng d
020 _a9951050050
041 _aeng
080 _a2.1
100 _a20.1
101 _ahis
245 _aSindikatat Gjermane dhe Shkrime tjera
_cFehmi Agani
942 _2udc
_cBK
999 _c60864
_d60864